| 000 | 00477nam a22001697a 4500 | ||
|---|---|---|---|
| 999 |
_c523669 _d523669 |
||
| 003 | NUST | ||
| 038 | _awaseem | ||
| 082 |
_a921.4 _bANS |
||
| 100 |
_aAnsari _914443 |
||
| 245 |
_aMARX,ENGELS Ki Nadr Taririan / _cAnsari |
||
| 260 |
_aKarachi : _bCity Publications, _c2008. |
||
| 300 | _a760 p. ; | ||
| 500 | _aHardcover. | ||
| 880 |
_6100-02\r _aٖٖٖٖٖٖٖظ انصاری |
||
| 880 |
_6245-02\r _aمارکس،اینگلس کی نادر تحریریں / |
||
| 942 |
_2ddc _cBK |
||